000
00218 a2200109 4500
020
_a
9789502408064
041
_a
spa
100
_a
Moses, Brian
245
_a
Perdon Aprender a ser Amable
942
_c
BK
952
_7
1
999
_c
16789
_d
16789